000 00228nmm a2200085Ia 4500
008 220120s9999||||xx |||||||||||||||||und||
100 _aEFY
245 0 _aDesign & Simulation : Tutorials, Circuits, Application Notes
260 _c2007
999 _c138792
_d138792